000 00196 a2200097 4500
001 52552
100 _aThomas, R
245 _aCelebration
260 _aLondon
_bFontana
_c
090 _c33039
_d33039
942 _aNUST-CAE
_cM
_c25602
999 _c287625
_d287625